000 00482nam a2200169Ia 4500
005 20250421135327.0
008 231217s9999 xx 000 0 und d
020 _a9788131726174
082 _a001.6424LIN VEN;9
100 _aVenkateswaran, Sreekrishnan.
245 0 _aEssential linux device drivers
260 _c2004
_bDorling Kindersley
_aNoida
300 _axxx, 714
400 _aPrentice Hall open source software series
650 _alinux,device,drives
942 _cAA
999 _c193499
_d193499